000
00253nam a2200097Ia 4500
001
1019093
005
20250826231012.0
008
250824s9999 xx 000 0 und d
245
0
_a
GÜNEŞİN GİTTİĞİ GÜN
_c
JONATHAN HEILIG
260
_b
BETA YAYINLARI
999
_c
1019093
_d
1019093